书目信息 |
| 题名: |
城市地理信息系统基础案例分析
|
|
| 作者: | 许小兰 , 伍杨屹 , 周俊 , 窦凯丽 主编 | |
| 分册: | ||
| 出版信息: | 武汉 武汉大学出版社 2024.12 |
|
| 页数: | 164页 | |
| 开本: | 26cm | |
| 丛书名: | ||
| 单 册: | ||
| 中图分类: | TU984 | |
| 科图分类: | ||
| 主题词: | 城市--cheng shi--地理信息系统--案例 | |
| 电子资源: | ||
| ISBN: | 978-7-307-24637-9 | |
| 000 | 01213nam0 2200289 450 | |
| 001 | 89964 | |
| 005 | 20250815091223.58 | |
| 010 | @a978-7-307-24637-9@dCNY45.00 | |
| 100 | @a20250116d2024 em y0chiy50 ea | |
| 101 | 0 | @achi |
| 102 | @aCN@b420000 | |
| 105 | @aa a 000yy | |
| 106 | @ar | |
| 200 | 1 | @a城市地理信息系统基础案例分析@Acheng shi di li xin xi xi tong ji chu an li fen xi@f主编许小兰 ... [等] |
| 210 | @a武汉@c武汉大学出版社@d2024.12 | |
| 215 | @a164页@c图@d26cm | |
| 304 | @a题名页题其余责任者: 伍杨屹, 周俊, 窦凯丽 | |
| 320 | @a有书目 | |
| 330 | @a本书运用GeoScene Pro软件介绍了GIS在规划中的一些应用实例, 主要涉及校园专题图制作、地图投影的转换、拓扑的建立、裁剪、统计分析、宿舍的选取、可达性分析、日照分析、土地利用分析、水文分析、空间计量等方面。每个实例都包含实验目的和意义、实验内容、实验数据、实验流程图、模型结构图、实验步骤、结论与展望七个部分, 突出了GIS在城市规划中的应用价值。 | |
| 606 | 0 | @a城市@Acheng shi@x地理信息系统@x案例 |
| 690 | @aTU984@v5 | |
| 701 | 0 | @a许小兰@Axu xiao lan@4主编 |
| 701 | 0 | @a伍杨屹@Awu yang yi@4主编 |
| 701 | 0 | @a周俊@Azhou jun@4主编 |
| 701 | 0 | @a窦凯丽@Adou kai li@4主编 |
| 801 | 0 | @aCN@c20250909 |
| 905 | @a河南城建学院图书馆@dTU984@eX900@f1 | |
| 城市地理信息系统基础案例分析/主编许小兰 ... [等].-武汉:武汉大学出版社,2024.12 |
| 164页:图;26cm |
| ISBN 978-7-307-24637-9:CNY45.00 |
| 本书运用GeoScene Pro软件介绍了GIS在规划中的一些应用实例, 主要涉及校园专题图制作、地图投影的转换、拓扑的建立、裁剪、统计分析、宿舍的选取、可达性分析、日照分析、土地利用分析、水文分析、空间计量等方面。每个实例都包含实验目的和意义、实验内容、实验数据、实验流程图、模型结构图、实验步骤、结论与展望七个部分, 突出了GIS在城市规划中的应用价值。 |
| ● |
| 相关链接 |
|
|
|
正题名:城市地理信息系统基础案例分析
索取号:TU984/X900
 
预约/预借
| 序号 | 登录号 | 条形码 | 馆藏地/架位号 | 状态 | 备注 |
| 1 | 1623926 | 216239265 | 建筑库201/201建筑库 61排3列5层/ [索取号:TU984/X900] | 在馆 |